000 00590nam a22001937a 4500
003 0
005 20241019114509.0
008 241019b xxu||||| |||| 00| 0 eng d
020 _a9781984685773
050 _aQA 76.585
_b.T57 2024
110 _a3G E-Learning,
_eauthor and editor.
245 _aBasics of cloud computing /
_c3G E-Learning.
260 _aNew York, NY :
_b3G E-Learning LLC,
_c2024.
300 _avii, 181 p. :
_bcol. ill. ;
_c26 cm.
504 _aIncludes bibliographical references and index.
650 _aCloud computing.
650 _aWeb services.
942 _2lcc
_cBK
999 _c366599
_d366599